[Event "Montigny le Bretonneux 3rd"]
[Site "Montigny le Bretonneux"]
[Date "2004.10.25"]
[Round "2"]
[White "Liard, Thibaud"]
[Black "Guez, Fabien"]
[Result "1-0"]
[WhiteElo "2040"]
[BlackElo "2196"]
[PlyCount "61"]
[EventDate "2004.10.??"]
[EventType "swiss"]
[EventRounds "9"]
[EventCountry "FRA"]
[SourceTitle "EXT 2006"]
[Source "ChessBase"]
[SourceDate "2005.11.24"]
[SourceVersion "1"]
[SourceVersionDate "2005.11.24"]
[SourceQuality "1"]

1. d4 e6 2. c4 d5 3. Nf3 c5 4. cxd5 exd5 5. g3 Nf6 6. Bg2 Nc6 7. 0-0 Be7 8. dxc5 Bxc5 9. Bg5 0-0 10. Nc3 d4 11. Ne4 Be7 12. Bxf6 Bxf6 13. Ne1 Be7 14. Nd3 Qb6 15. Rc1 Be6 16. Nec5 Bxc5 17. Nxc5 Qxb2 18. Rc2 Qb6 19. Nxb7 Rac8 20. Nd6 Rc7 21. Qb1 Rb8 22. Qxb6 Rxb6 23. Rfc1 Bd7 24. a4 Kf8 25. Nc4 Ra6 26. Ne5 Nxe5 27. Rxc7 Bxa4 28. Rb7 g6 29. Rcc7 Bd1 30. f4 Ng4 31. Rxf7+ 1-0

[Event "Condom op 3rd"]
[Site "Condom"]
[Date "2004.07.12"]
[Round "3"]
[White "Guez, Fabien"]
[Black "Bertrem, Stijn"]
[Result "1-0"]
[WhiteElo "2206"]
[BlackElo "2159"]
[PlyCount "47"]
[EventDate "2004.07.10"]
[EventType "swiss"]
[EventRounds "9"]
[EventCountry "FRA"]
[SourceTitle "CBM 101 Extra"]
[Source "ChessBase"]
[SourceDate "2004.09.01"]
[SourceVersion "2"]
[SourceVersionDate "2004.09.01"]
[SourceQuality "1"]

1. e4 e6 2. d4 d5 3. Nd2 Nf6 4. e5 Nfd7 5. Bd3 c5 6. c3 Nc6 7. Ndf3 cxd4 8. cxd4 f6 9. exf6 Nxf6 10. Nh3 Qc7 11. 0-0 Bd6 12. Re1 0-0 13. Nhg5 e5 14. dxe5 Nxe5 15. Bxh7+ Nxh7 16. Nxe5 Nxg5 17. Bxg5 Be6 18. Ng6 Bxh2+ 19. Kh1 Rfe8 20. Qh5 Bd6 21. Re3 Rac8 22. Rf3 Bf5 23. Rxf5 Qc1+ 24. Qd1 1-0

[Event "Benidorm Bali op-A"]
[Site "Benidorm"]
[Date "2003.11.26"]
[Round "7"]
[White "De la Fuente Gonzalez, Francisco"]
[Black "Guez, Fabien"]
[Result "1/2-1/2"]
[WhiteElo "2260"]
[BlackElo "2158"]
[PlyCount "128"]
[EventDate "2003.11.21"]
[EventType "swiss"]
[EventRounds "9"]
[EventCountry "ESP"]
[SourceTitle "CBM 097 Extra"]
[Source "ChessBase"]
[SourceDate "2004.01.13"]
[SourceVersion "1"]
[SourceVersionDate "2004.01.13"]
[SourceQuality "1"]

1. d4 e6 2. c4 d5 3. Nc3 c5 4. cxd5 exd5 5. Nf3 Nc6 6. g3 Nf6 7. Bg2 Be7 8. 0-0 0-0 9. Bf4 c4 10. Ne5 Be6 11. Nxc6 bxc6 12. e4 dxe4 13. Nxe4 Nxe4 14. Bxe4 Bd5 15. Qc2 Bxe4 16. Qxe4 Bf6 17. Be5 Bxe5 18. dxe5 Qd5 19. Rfe1 Rab8 20. Rad1 Qxe4 21. Rxe4 Rxb2 22. Rxc4 Rxa2 23. Rxc6 a5 24. Rc7 a4 25. Ra7 h6 26. Rdd7 Re2 27. Re7 Re4 28. Kg2 Kh7 29. Kf3 Rb4 30. Rxf7 Rxf7+ 31. Rxf7 Kg6 32. Rf8 a3 33. Ra8 Kf5 34. Rxa3 Kxe5 35. Ra5+ Kf6 36. h4 Rc4 37. h5 Rc6 38. g4 g6 39. hxg6 Kxg6 40. Kg3 Rc3+ 41. Kh4 Rf3 42. Ra2 Kg7 43. g5 hxg5+ 44. Kxg5 Rf7 45. f4 Rb7 46. f5 Rc7 47. Rh2 Rc5 48. Ra2 Rc7 49. Ra6 Rb7 50. Rg6+ Kh7 51. Rh6+ Kg8 52. Rh1 Rb6 53. Ra1 Kf7 54. Ra7+ Kf8 55. Kf4 Rb5 56. Ke4 Rc5 57. Kf4 Rb5 58. Kg5 Rb6 59. Rh7 Ra6 60. Rb7 Rc6 61. f6 Rc1 62. Kg6 Rg1+ 63. Kf5 Rf1+ 64. Ke6 Re1+ 1/2-1/2

[Event "FRA-chT2S 0203"]
[Site "France"]
[Date "2003.04.06"]
[Round "11.7"]
[White "Guez, Fabien"]
[Black "Andrieux, Pascal"]
[Result "0-1"]
[WhiteElo "2118"]
[BlackElo "2094"]
[PlyCount "86"]
[EventDate "2002.10.??"]
[EventType "team"]
[EventRounds "11"]
[EventCountry "FRA"]
[SourceTitle "EXT 2004"]
[Source "ChessBase"]
[SourceDate "2003.11.25"]
[SourceVersion "1"]
[SourceVersionDate "2003.11.25"]
[SourceQuality "1"]
[WhiteTeam "Creteil"]
[BlackTeam "Arras"]
[WhiteTeamCountry "FRA"]
[BlackTeamCountry "FRA"]

1. e4 e6 2. d4 d5 3. Nd2 dxe4 4. Nxe4 Nd7 5. Bd3 Be7 6. Nf3 Ngf6 7. Qe2 0-0 8. Bg5 c5 9. Nxf6+ Bxf6 10. Qe4 g6 11. Bxf6 Qxf6 12. 0-0-0 Rb8 13. h4 b5 14. dxc5 Nxc5 15. Qe5 Nd7 16. Qh2 e5 17. h5 g5 18. h6 Re8 19. Rhe1 Rb6 20. Kb1 Nc5 21. Rxe5 Rxe5 22. Qxe5 Qxe5 23. Nxe5 Nxd3 24. Rxd3 Rxh6 25. b4 Be6 26. Rg3 Rh1+ 27. Kb2 f6 28. Nc6 h5 29. Nxa7 h4 30. Re3 Bd5 31. f3 Rh2 32. Nc8 Bc4 33. Nd6 Bf1 34. Ne4 Kg7 35. Nf2 Rxg2 36. Ng4 h3 37. Re1 Bc4 38. Rh1 Rg3 39. Nf2 Rxf3 40. Nxh3 g4 41. Ng1 Rf1 42. a4 bxa4 43. Kc3 a3 0-1

[Event "FRA-chT2S 0203"]
[Site "France"]
[Date "2003.03.16"]
[Round "9.8"]
[White "Lucas, Jean Christian"]
[Black "Guez, Fabien"]
[Result "0-1"]
[WhiteElo "2214"]
[BlackElo "2118"]
[PlyCount "60"]
[EventDate "2002.10.??"]
[EventType "team"]
[EventRounds "11"]
[EventCountry "FRA"]
[SourceTitle "EXT 2004"]
[Source "ChessBase"]
[SourceDate "2003.11.25"]
[SourceVersion "1"]
[SourceVersionDate "2003.11.25"]
[SourceQuality "1"]
[WhiteTeam "Issy les Moulineaux"]
[BlackTeam "Creteil"]
[WhiteTeamCountry "FRA"]
[BlackTeamCountry "FRA"]

1. e4 e6 2. d4 d5 3. Nc3 Bb4 4. Nge2 dxe4 5. a3 Bxc3+ 6. Nxc3 Nc6 7. Bb5 Nge7 8. Nxe4 e5 9. 0-0 Qxd4 10. Qxd4 exd4 11. Bf4 Bf5 12. Ng3 Bxc2 13. Bxc7 0-0 14. Rac1 d3 15. Bf4 Rfd8 16. Bd2 Nd4 17. Bc4 Rac8 18. Rce1 Ng6 19. Ba2 h6 20. f3 Bb3 21. Bxb3 Nxb3 22. Bc3 Nf4 23. Rf2 g6 24. Ne4 Ne2+ 25. Rfxe2 dxe2 26. Nf6+ Kg7 27. Ne4+ Nd4 28. Rxe2 Rxc3 29. Nxc3 Nxe2+ 30. Nxe2 Rd2 0-1

[Event "FRA-chT2S 0203"]
[Site "France"]
[Date "2003.03.15"]
[Round "8.8"]
[White "Guez, Fabien"]
[Black "Coste, Thierry"]
[Result "1-0"]
[WhiteElo "2118"]
[BlackElo "2155"]
[PlyCount "89"]
[EventDate "2002.10.??"]
[EventType "team"]
[EventRounds "11"]
[EventCountry "FRA"]
[SourceTitle "EXT 2004"]
[Source "ChessBase"]
[SourceDate "2003.11.25"]
[SourceVersion "1"]
[SourceVersionDate "2003.11.25"]
[SourceQuality "1"]
[WhiteTeam "Creteil"]
[BlackTeam "Clichy II"]
[WhiteTeamCountry "FRA"]
[BlackTeamCountry "FRA"]

1. e4 c5 2. Nf3 Nc6 3. d4 cxd4 4. Nxd4 g6 5. Nc3 Bg7 6. Be3 Nf6 7. Bc4 Qa5 8. 0-0 0-0 9. Bb3 d6 10. h3 Bd7 11. Re1 Rfe8 12. Nf3 Rac8 13. Qd2 Qh5 14. Ng5 Rf8 15. Bc4 Ne5 16. Be2 Qh4 17. Bf4 Nc4 18. Qc1 e5 19. Bg3 Qh6 20. b3 Nb6 21. Nb5 Bxb5 22. Bxb5 Nh5 23. Be2 Nf4 24. Nf3 d5 25. exd5 Nbxd5 26. c4 e4 27. Nh2 Bxa1 28. Qxa1 Nb4 29. Ng4 Nxe2+ 30. Rxe2 Qg7 31. Nf6+ Kh8 32. Be5 Nd3 33. Bc3 Rc6 34. Ne8 f6 35. Nxg7 Kxg7 36. Rxe4 Nc5 37. Re1 Kg8 38. Kh2 Nd3 39. Rd1 Ne5 40. Bxe5 fxe5 41. f3 Re6 42. Rd7 Rf7 43. Rxf7 Kxf7 44. Qd1 Ke7 45. Qd5 1-0

[Event "FRA-chT2S 0203"]
[Site "France"]
[Date "2003.??.??"]
[Round "10.5"]
[White "Grondin, Cyril"]
[Black "Guez, Fabien"]
[Result "1-0"]
[WhiteElo "2030"]
[BlackElo "2118"]
[PlyCount "131"]
[EventDate "2002.10.??"]
[EventType "team"]
[EventRounds "11"]
[EventCountry "FRA"]
[SourceTitle "EXT 2004"]
[Source "ChessBase"]
[SourceDate "2003.11.25"]
[SourceVersion "1"]
[SourceVersionDate "2003.11.25"]
[SourceQuality "1"]
[WhiteTeam "Cergy Pontoise"]
[BlackTeam "Creteil"]
[WhiteTeamCountry "FRA"]
[BlackTeamCountry "FRA"]

1. d4 e6 2. e3 Nf6 3. Bd3 c5 4. Nd2 Nc6 5. c3 d6 6. Ngf3 Be7 7. e4 0-0 8. 0-0 Qc7 9. Re1 e5 10. d5 Na5 11. b4 cxb4 12. cxb4 Qc3 13. Qc2 Qxb4 14. Rb1 Qc5 15. Qxc5 dxc5 16. Nxe5 Ne8 17. Ndc4 Nxc4 18. Bxc4 Nd6 19. Bb3 f6 20. Nc4 b5 21. Nxd6 Bxd6 22. f4 Re8 23. g3 Bh3 24. Bc2 a6 25. Bb2 Re7 26. e5 Rae8 27. e6 Rc7 28. Bc3 b4 29. Ba4 Rd8 30. Bd2 Be7 31. Bc6 Kf8 32. a3 a5 33. axb4 cxb4 34. Be3 Rb8 35. Ra1 Bxe6 36. f5 Bd7 37. Bf4 Rbc8 38. Bxc7 Bxc6 39. dxc6 Rxc7 40. Rxa5 g6 41. Rb5 Bd6 42. Rb8+ Kf7 43. Rb7 gxf5 44. Rxc7+ Bxc7 45. Kg2 f4 46. gxf4 Bxf4 47. Re4 Bc7 48. Rxb4 Ke6 49. Rd4 h6 50. h3 Ba5 51. Kf3 Bc7 52. Kg4 f5+ 53. Kh5 f4 54. Kxh6 f3 55. Rd1 Kf5 56. Rd7 Bf4+ 57. Kh5 f2 58. Rd1 Ke4 59. Rf1 Kf3 60. Kg6 Kg2 61. Rxf2+ Kxf2 62. h4 Ke3 63. h5 Kd4 64. Kf5 Bc7 65. h6 Kd5 66. h7 1-0

[Event "FRA-chT2S 0203"]
[Site "France"]
[Date "2003.??.??"]
[Round "6.7"]
[White "Toma, Michal"]
[Black "Guez, Fabien"]
[Result "1-0"]
[WhiteElo "1950"]
[BlackElo "2118"]
[PlyCount "121"]
[EventDate "2002.10.??"]
[EventType "team"]
[EventRounds "11"]
[EventCountry "FRA"]
[SourceTitle "EXT 2004"]
[Source "ChessBase"]
[SourceDate "2003.11.25"]
[SourceVersion "1"]
[SourceVersionDate "2003.11.25"]
[SourceQuality "1"]
[WhiteTeam "Bois Colombes"]
[BlackTeam "Creteil"]
[WhiteTeamCountry "FRA"]
[BlackTeamCountry "FRA"]

1. e4 e6 2. d4 d5 3. Nd2 Nf6 4. e5 Nfd7 5. Bd3 c5 6. c3 Nc6 7. Ne2 cxd4 8. cxd4 f6 9. exf6 Nxf6 10. Nf3 Bd6 11. 0-0 0-0 12. Bf4 Bxf4 13. Nxf4 Ne4 14. Qc1 Qd6 15. Ne2 e5 16. Qe3 Bg4 17. Nxe5 Bxe2 18. Bxe2 Nxe5 19. dxe5 Qxe5 20. f3 Qg5 21. Qxg5 Nxg5 22. Rfd1 Ne6 23. Rxd5 Nf4 24. Re5 Rac8 25. Bf1 Rc2 26. Rae1 Rfc8 27. g3 Ng6 28. Re8+ Rxe8 29. Rxe8+ Kf7 30. Re2 Rc1 31. Kf2 Kf6 32. f4 h5 33. Bg2 b6 34. Ke3 Ne7 35. Kd2 Ra1 36. a3 Nf5 37. Re1 Rxe1 38. Kxe1 Ne3 39. Bf1 Kf5 40. Be2 h4 41. Kf2 Nd5 42. Kf3 g5 43. fxg5 Kxg5 44. gxh4+ Kxh4 45. Ke4 Nf6+ 46. Ke5 Nd7+ 47. Kd6 Nc5 48. b4 Nb3 49. b5 Nd4 50. Bd3 Kg5 51. Kc7 Kf4 52. Kb7 Ke3 53. Bc4 Nc2 54. a4 Na3 55. Bb3 Kd4 56. Kxa7 Kc5 57. h4 Kb4 58. Bd1 Nc4 59. h5 Ka5 60. h6 Ne5 61. h7 1-0

[Event "Montigny le Bretonneux Noel op 05th"]
[Site "Montigny le Bretonneux"]
[Date "2002.12.28"]
[Round "3.7"]
[White "Pantelic, Dimitry"]
[Black "Guez, Fabien"]
[Result "1-0"]
[WhiteElo "1820"]
[BlackElo "2118"]
[PlyCount "63"]
[EventDate "2002.12.??"]
[EventType "swiss"]
[EventRounds "7"]
[EventCountry "FRA"]
[SourceTitle "EXT 2004"]
[Source "ChessBase"]
[SourceDate "2003.11.25"]
[SourceVersion "1"]
[SourceVersionDate "2003.11.25"]
[SourceQuality "1"]

1. d4 e6 2. c4 d5 3. e3 Nf6 4. Nc3 c5 5. Nf3 Nc6 6. cxd5 exd5 7. Bb5 Bd6 8. dxc5 Bxc5 9. Ne5 Qd6 10. Nd3 Bb6 11. 0-0 0-0 12. Ne2 Bg4 13. Bxc6 bxc6 14. f3 Bd7 15. Bd2 Rfe8 16. Nd4 c5 17. Nc2 Bb5 18. Bc3 c4 19. Ndb4 a5 20. Bxf6 axb4 21. Bd4 b3 22. Na3 Ba4 23. Bxb6 Qxb6 24. Qxd5 Qxe3+ 25. Kh1 bxa2 26. Nxc4 Qe2 27. Nd6 Bb3 28. Qxb3 Qxf1+ 29. Rxf1 Reb8 30. Qxf7+ Kh8 31. Qd5 h6 32. Ra1 1-0